Náklady, výnosy a výsledok hospodárenia v účtovníctve obcí diplomová práca

Saved in:
Bibliographic Details
Main Author: Širová, Lucia
Corporate Author: Fakulta hospodárskej informatiky EU. Katedra účtovníctva a audítorstva
Other Authors: Kovalčíková, Antónia
Format: Book
Language:Slovak
Published: Bratislava 2010
Tags: Add Tag
No Tags, Be the first to tag this record!

MARC

LEADER 00000nam$a2200000$$$4500
001 0120176
005 20240318122842.6
041 0 |a slo 
044 |a SK 
245 1 0 |a Náklady, výnosy a výsledok hospodárenia v účtovníctve obcí  |b diplomová práca  |c Lucia Širová ; škol. Antónia Kovalčíková 
264 1 |a Bratislava  |c 2010 
300 |a 78 s. 
100 1 |a Širová, Lucia 
700 1 |a Kovalčíková, Antónia 
710 2 |a Fakulta hospodárskej informatiky EU. Katedra účtovníctva a audítorstva